Tydskirf vir die Suid-Afrikaanse Reg 1998-1 (Record no. 3225)
[ view plain ]
| 000 -LEADER | |
|---|---|
| fixed length control field | 00478nam a22001697a 4500 |
| 005 - DATE AND TIME OF INPUT | |
| control field | 20241024135010.0 |
| 008 - DATA ELEMENTS--GENERAL INFORMATION | |
| fixed length control field | 241024b |||||||| |||| 00| 0 eng d |
| 022 ## - INTERNATIONAL STANDARD SERIAL NUMBER | |
| International Standard Serial Number | 02577747 |
| 041 ## - LANGUAGE CODE | |
| Language code of text | Afrikaans |
| 082 ## - SHELF NUMBER | |
| DDC number | 349 TYD |
| 100 ## - MAIN AUTHOR | |
| Language of a work | Afrikaans |
| 245 ## - TITLE STATEMENT | |
| Title | Tydskirf vir die Suid-Afrikaanse Reg 1998-1 |
| 260 ## - PUBLICATION, DISTRIBUTION, ETC. | |
| Place of publication, distribution, etc. | Kaapstad: |
| Name of publisher, distributor, etc. | Juta en Kie Bpk, |
| Date of publication, distribution, etc. | 1988 |
| 300 ## - PHYSICAL DESCRIPTION | |
| Other physical details | 159 pages; |
| Dimensions | 26 cm. |
| 650 ## - SUBJECT` | |
| Broad subject | Legal practice |
| Own subject terms | Law |
| 942 ## - ADDED ENTRY ELEMENTS (KOHA) | |
| Item type | Books |
| 942 ## - ADDED ENTRY ELEMENTS (KOHA) | |
| -- | ALISON_BN_VRIES |
No items available.
